|
|
|
|
| LEADER |
00000nam0a2200000 4500 |
| 001 |
29065 |
| 005 |
20231030203119.0 |
| 010 |
|
|
|a 5230084154
|
| 035 |
|
|
|a (RuTPU)RU\TPU\book\29324
|
| 035 |
|
|
|a BOOK00029399
|
| 090 |
|
|
|a 29065
|
| 100 |
|
|
|a 20011209d1992 k y0rusy50 ca
|
| 101 |
0 |
|
|a rus
|
| 102 |
|
|
|a RU
|
| 105 |
|
|
|a 000|y
|
| 200 |
1 |
|
|a Логико-алгебраические конструкции
|e Сборник научных трудов
|f Тверской гос. ун-т
|
| 210 |
|
|
|a Тверь
|c Изд-во Тверского гос. ун-та
|d 1992
|
| 215 |
|
|
|a 100 с.
|
| 610 |
1 |
|
|a математика
|
| 610 |
1 |
|
|a кибернетика
|
| 610 |
1 |
|
|a алгоритмы
|
| 610 |
1 |
|
|a конструкции
|
| 610 |
1 |
|
|a алгебра
|
| 610 |
1 |
|
|a математическая логика
|
| 675 |
|
|
|a 681.5:51
|v 3
|
| 712 |
0 |
2 |
|a Тверской государственный университет
|
| 801 |
|
0 |
|a RU
|b 63413507
|c 20011209
|g PSBO
|
| 801 |
|
2 |
|a RU
|b 63413507
|c 20161229
|g RCR
|
| 942 |
|
|
|c BK
|